书目信息 |
| 题名: |
石墨相氮化碳的结构调控及增强光催化性能
|
|
| 作者: | 梁庆华 著 | |
| 分册: | ||
| 出版信息: | 北京 清华大学出版社 2018.06 |
|
| 页数: | 20, 167页, [2] 页图版 | |
| 开本: | 25cm | |
| 丛书名: | 清华大学优秀博士学位论文丛书 | |
| 单 册: | ||
| 中图分类: | O643.36 | |
| 科图分类: | ||
| 主题词: | 光催化剂--guang cui hua ji--研究 | |
| 电子资源: | ||
| ISBN: | 978-7-302-48826-2 | |
| 000 | 01395nam 2200277 450 | |
| 001 | 202019133754 | |
| 005 | 20190921113345.0 | |
| 010 | @a978-7-302-48826-2@b精装@dCNY89.00 | |
| 100 | @a20190919d2018 kemy0chiy50 ea | |
| 101 | 0 | @achi@deng |
| 102 | @aCN@b110000 | |
| 105 | @aafk a 001yy | |
| 106 | @ar | |
| 200 | 1 | @a石墨相氮化碳的结构调控及增强光催化性能@Ashi mo xiang dan hua tan de jie gou tiao kong ji zeng qiang guang cui hua xing neng@d= Structural tuning of graphitic carbon nitrides with highly improved photocatalytic performance@f梁庆华著@zeng |
| 210 | @a北京@c清华大学出版社@d2018.06 | |
| 215 | @a20, 167页, [2] 页图版@c图@d25cm | |
| 225 | 2 | @a清华大学优秀博士学位论文丛书@Aqing hua da xue you xiu bo shi xue wei lun wen cong shu |
| 320 | @a有书目 (第139-162页) 和索引 | |
| 330 | @a基于半导体的光催化剂技术是一种最为理想利用太阳能缓解能源危机和环境问题的技术。本书旨在通过调控石墨相氮化碳微纳米结构、相结构及能带结构提高其光催化性能, 探索材料制备工艺、微观结构和光催化性能的关系, 为构筑高效光催化剂提供新方法和新思路。 | |
| 410 | 0 | @12001 @a清华大学优秀博士学位论文丛书 |
| 510 | 1 | @aStructural tuning of graphitic carbon nitrides with highly improved photocatalytic performance@zeng |
| 606 | 0 | @a光催化剂@Aguang cui hua ji@x研究 |
| 690 | @aO643.36@v5 | |
| 701 | 0 | @a梁庆华@Aliang qing hua@4著 |
| 801 | 0 | @aCN@c20190905 |
| 905 | @a河南城建学院图书馆@dO643.36@eL406 | |
| 石墨相氮化碳的结构调控及增强光催化性能= Structural tuning of graphitic carbon nitrides with highly improved photocatalytic performance/梁庆华著.-北京:清华大学出版社,2018.06 |
| 20, 167页, [2] 页图版:图;25cm.-(清华大学优秀博士学位论文丛书) |
| ISBN 978-7-302-48826-2(精装):CNY89.00 |
| 基于半导体的光催化剂技术是一种最为理想利用太阳能缓解能源危机和环境问题的技术。本书旨在通过调控石墨相氮化碳微纳米结构、相结构及能带结构提高其光催化性能, 探索材料制备工艺、微观结构和光催化性能的关系, 为构筑高效光催化剂提供新方法和新思路。 |
| ● |
| 相关链接 |
|
|
|
正题名:石墨相氮化碳的结构调控及增强光催化性能
索取号:O643.36/L406
 
预约/预借
| 序号 | 登录号 | 条形码 | 馆藏地/架位号 | 状态 | 备注 |
| 1 | 1441280 | 214412802 | 自科库401/401自科库 64排6列2层/ [索取号:O643.36/L406] | 在馆 | |
| 2 | 1441281 | 214412811 | 自科库401/401自科库 64排6列2层/ [索取号:O643.36/L406] | 在馆 |